Statistics for Guess the Capital Cities

Click here to take the quiz!

General Stats

  • This quiz has been taken 24 times
  • The average score is 13 of 15

Answer Stats

QuestionAnswer% Correct
MoldovaChisinau
96%
IrelandDublin
96%
CyprusNicosia
96%
SwedenStockholm
96%
BhutanThimphu
91%
LibyaTripoli
91%
SudanKhartoum
87%
FijiSuva
87%
EthiopiaAddis Abeba
83%
MadagascarAntananarivo
83%
KosovoPristina
83%
EswatiniMbabane
74%
BeninPorto Novo
74%
MaliBamako
70%
UzbekistanTashkent
70%

Score Distribution

Percentile by Number Answered

Percent of People with Each Score

Your Score History

You have not taken this quiz